Discursos de recepción leídos en la Real Academia de Ciencias Morales y Políticas (Record no. 173093)

MARC details
000 -LEADER
campo de control de longitud fija 01874nas a2200313 i 4500
001 - NÚMERO DE CONTROL
campo de control 173093
003 - IDENTIFICADOR DE NÚMERO DE CONTROL
campo de control ES-MaACL
005 - FECHA Y HORA DE LA ÚLTIMA TRANSACCIÓN
campo de control 20250928125146.0
007 - CAMPO FIJO DE DESCRIPCIÓN FÍSICA--INFORMACIÓN GENERAL
campo de control de longitud fija t|
008 - DATOS DE LONGITUD FIJA--INFORMACIÓN GENERAL
campo de control de longitud fija 091030c19441947sp a| | 1 ||pa d
080 ## - NÚMERO DE LA CLASIFICACIÓN DECIMAL UNIVERSAL
Número de la Clasificación Decimal Universal 3 : 061.12(460)
110 2# - ENTRADA PRINCIPAL--NOMBRE DE ENTIDAD CORPORATIVA
Nombre de entidad corporativa o nombre de jurisdicción como elemento de entrada Real Academia de Ciencias Morales y Políticas (España)
9 (RLIN) 222050
245 10 - MENCIÓN DEL TÍTULO
Título Discursos de recepción leídos en la Real Academia de Ciencias Morales y Políticas
Fechas predominantes 1944-1947.
260 ## - PUBLICACIÓN, DISTRIBUCIÓN, ETC.
Lugar de publicación, distribución, etc. Madrid :
Nombre del editor, distribuidor, etc. [s. n.],
Fecha de publicación, distribución, etc. 1944 (Sucesores de Rivedeneyra)
300 ## - DESCRIPCIÓN FÍSICA
Extensión 1 v. ;
Dimensiones 26 cm.
505 8# - NOTA DE CONTENIDO CON FORMATO
Nota de contenido con formato Contiene: T. XVIII: La polírica social de la dictadura / Eduardo Aunós (94 p.). Contestación / Marqués de Guad-El-Jelú (p. 95-144). La parmanencia de las leyes económicas / Juan Ventosa Calvell (37 p.). Contestación / César Silió (p. 39-52). La ley estadística en economía / José Mª Zumalacárregui (181 p.). Contestación / José Larraz López (p. 182-218). Lo vivo y lo muerto en la idea liberal / Carlos Ruiz del Castillo y Catalán de Ocón (91 p.). Contestación / Salvador Minguijón y Adrián (p. 95-116). La organización internacional / José Mª Trias de Bes y Giró (90 p.). Contestación / José de Yanguas y Messía (p. 91-101).
700 1# - ENTRADA AGREGADA--NOMBRE PERSONAL
Nombre de persona Aunós Pérez, Eduardo,
Fechas asociadas al nombre 1894-1967
9 (RLIN) 23920
700 1# - ENTRADA AGREGADA--NOMBRE PERSONAL
Nombre de persona Sangro y Ros de Olano, Pedro,
Títulos y otros términos asociados al nombre Marqués de Guad-el-Jelú.
9 (RLIN) 103144
700 1# - ENTRADA AGREGADA--NOMBRE PERSONAL
Nombre de persona Ventosa y Calvell, Juan.
9 (RLIN) 113915
700 0# - ENTRADA AGREGADA--NOMBRE PERSONAL
Nombre de persona Silio Beleña, César.
9 (RLIN) 106346
700 1# - ENTRADA AGREGADA--NOMBRE PERSONAL
Nombre de persona Zumalacárregui, José María.
9 (RLIN) 118482
700 1# - ENTRADA AGREGADA--NOMBRE PERSONAL
Nombre de persona Larraz, José,
Fechas asociadas al nombre 1904-1973
9 (RLIN) 70328
700 1# - ENTRADA AGREGADA--NOMBRE PERSONAL
Nombre de persona Ruiz del Castillo y Catalán de Ocón, Carlos,
Fechas asociadas al nombre 1896-1984
9 (RLIN) 100778
700 1# - ENTRADA AGREGADA--NOMBRE PERSONAL
Nombre de persona Minguijón y Adrián, Salvador.
9 (RLIN) 81357
700 1# - ENTRADA AGREGADA--NOMBRE PERSONAL
Nombre de persona Trías de Bes, José María (
Fechas asociadas al nombre 1890-1965)
9 (RLIN) 111374
700 1# - ENTRADA AGREGADA--NOMBRE PERSONAL
Nombre de persona Yanguas Messía, José de,
Fechas asociadas al nombre 1890-1974
9 (RLIN) 117556
852 ## - LOCALIZACIÓN
Ubicación ES-MaACL
Número de control de estantería K-200
Holdings
Estatus retirado Estado de pérdida Estado de daño No para préstamo Colección Biblioteca de origen Biblioteca actual Ubicación en estantería Fecha de adquisición Total de préstamos Signatura topográfica completa Código de barras Visto por última vez Precio de reemplazo Tipo de ítem Koha
        Periódicos y Revistas Biblioteca del Ateneo de Madrid Biblioteca del Ateneo de Madrid Administración 30/10/2009   K-200 1181625 23/02/2023 23/02/2023 Revista